000
00242nam a2200097Ia 4500
001
719637
005
20250826163047.0
008
250824s9999 xx 000 0 und d
245
0
_a
SULTANI ÖLDÜRMEK
_c
AHMET ÜMİT
260
_b
EVEREST YAYINLARI
999
_c
719637
_d
719637